Teatro /

Bibliographic Details
Main Author: Vega, Lope de, 1562-1635 (Author)
Other Authors: Torre, Guillermo de, 1900 1971 (Editor)
Format: Electronic eBook
Language:Spanish
Published: Ciudad de México : Océano, [2017]
Edition:Primera edición en libro electrónico.
Subjects:
Online Access:Digitalia Hispánica

MARC

LEADER 00000nam a2200000Ii 4500
001 DIGOCEANO0027
003 NyNyDIG
006 m o d
007 cr |||||||||||
008 240404s2017 mx ob 000 d spa d
035 |a (OCoLC)1430189140 
040 |a DGITA  |b eng  |e rda  |e pn  |c DGITA 
020 |a 9786077351580  |q eBook 
020 |z 9789706513793 
050 1 4 |a PQ6438.A1 ebook 
100 1 |a Vega, Lope de,  |d 1562-1635,  |e author. 
245 1 0 |a Teatro /  |c Lope de Vega ; estudio preliminar y edición de Guillermo de Torre. 
250 |a Primera edición en libro electrónico. 
264 1 |a Ciudad de México :  |b Océano,  |c [2017] 
300 |a 1 online resource. 
336 |a text  |b txt  |2 rdacontent 
337 |a computer  |b c  |2 rdamedia 
338 |a online resource  |b cr  |2 rdacarrier 
347 |a text file  |2 rdaft 
347 |b EPUB 
504 |a Includes bibliographical references. 
588 0 |a Online resource; title from ePub title page (Digitalia, viewed April 4, 2024) 
600 1 0 |a Vega, Lope de,  |d 1562-1635. 
655 7 |a Drama.  |2 lcgft 
700 1 |a Torre, Guillermo de,  |d 1900 1971,  |e editor. 
791 2 |a Digitalia (Firm),  |e distributor. 
793 0 |g Digitalia eBook Collection:  |a Editorial Océano 
776 0 8 |i Print version:  |a Vega, Lope de, 1562-1635.  |t Teatro.  |d Ciudad de México : Océano, [2017]  |z 9789706513793 
856 4 0 |3 Digitalia Hispánica  |u https://www.digitaliapublishing.com/a/85218/ 
910 |a Premium collection: 2024